Films with Low Self-Esteem Quiz Stats

 Plays Quiz Updated Jun 9, 2015

Challenge
Share
Tweet
Embed
Score 0/38 Timer 05:00
0 Plays Today
% Correct
Dumb
99.4%
Misérables
98.9%
Pooh
98.7%
Lost
98%
Confused
96.4%
Inglourious
95.7%
Deathly
94.4%
Bad
93.7%
Rotten
92.6%
Dull
92.3%
Unfortunate
92.2%
Trying
91.1%
Broken
91%
Ugly
90.4%
Despicable
90%
Empty
87.1%
Abominable
85.7%
Horrible
84%
Weird
82.8%
% Correct
Bull
78.4%
Desperate
78.2%
Incorrect
77.8%
Poor
76.5%
Garbage
75.3%
Stupid
75%
Awkward
72.3%
Grave
66.9%
Inconvenient
65.6%
Dreadful
65.5%
Crap
62.1%
Terrible
58.4%
Crappy
58.2%
Simple
56.7%
Awful
42.4%
Disturbing
38.7%
Odd
34.9%
Strange
32.9%
Sordid
24.1%

You're not logged in!

Compare scores with friends on all Sporcle quizzes.
OR
Log In

You Might Also Like...

Show Comments

Extras

Top Quizzes Today


Score Distribution

Your Account Isn't Verified!

In order to create a playlist on Sporcle, you need to verify the email address you used during registration. Go to your Sporcle Settings to finish the process.

Report this User

Report this user for behavior that violates our Community Guidelines.

Details: